[Event "Olympiad Women-39"]
[Site "Khanty-Mansiysk"]
[Date "2010.09.27"]
[Round "6.26"]
[White "Munguntuul, Batkhuyag"]
[Black "Muhandiram, RMMU"]
[Result "1-0"]
[WhiteElo "2261"]
[BlackElo "1744"]
[PlyCount "85"]
[EventDate "2010.09.21"]
[EventType "team-swiss"]
[EventRounds "11"]
[EventCountry "RUS"]
[SourceTitle "CBM 139"]
[Source "ChessBase"]
[SourceDate "2010.11.18"]
[SourceVersion "1"]
[SourceVersionDate "2010.11.18"]
[SourceQuality "1"]
[WhiteTeam "Mongolia (W)"]
[BlackTeam "Sri Lanka (W)"]
[WhiteTeamCountry "MGL"]
[BlackTeamCountry "SRI"]

1. d4 Nf6 2. Nc3 d5 3. Bf4 Bf5 4. e3 e6 5. Bd3 g6 6. Be2 Ne4 7. Nb5 Na6 8. g4 g5 9. Be5 f6 10. gxf5 fxe5 11. Bh5+ Kd7 12. dxe5 c6 13. Nd4 exf5 14. Qf3 Qa5+ 15. c3 Nxc3 16. Qxf5+ Kc7 17. Nb3 Qb4 18. bxc3 Qxc3+ 19. Kf1 Be7 20. Qe6 Bb4 21. Ne2 Qd3 22. Kg2 Rhf8 23. Rhf1 Qe4+ 24. Kg1 Rad8 25. a3 Qh4 26. Qg4 Qxg4+ 27. Bxg4 Be7 28. Ned4 Kb8 29. Ne6 Nc7 30. Nxd8 Bxd8 31. Nc5 Rf7 32. f4 b6 33. Nd7+ Kb7 34. e6 Re7 35. f5 Kc8 36. f6 Rxe6 37. Nf8 Kb8 38. Nxe6 Kc8 39. Nxd8+ Kxd8 40. f7 a5 41. f8Q+ Ne8 42. Qf7 c5 43. Qd7# 1-0

[Event "Olympiad Women-39"]
[Site "Khanty-Mansiysk"]
[Date "2010.09.24"]
[Round "4.43"]
[White "Bakri, Alia Anin Azwa"]
[Black "Muhandiram, RMMU"]
[Result "1-0"]
[WhiteElo "1904"]
[BlackElo "1744"]
[PlyCount "155"]
[EventDate "2010.09.21"]
[EventType "team-swiss"]
[EventRounds "11"]
[EventCountry "RUS"]
[SourceTitle "CBM 139"]
[Source "ChessBase"]
[SourceDate "2010.11.18"]
[SourceVersion "1"]
[SourceVersionDate "2010.11.18"]
[SourceQuality "1"]
[WhiteTeam "Malaysia (W)"]
[BlackTeam "Sri Lanka (W)"]
[WhiteTeamCountry "MAS"]
[BlackTeamCountry "SRI"]

1. d4 Nf6 2. c4 c5 3. e3 e6 4. Nc3 d5 5. Nf3 Nc6 6. dxc5 Bxc5 7. cxd5 exd5 8. Be2 0-0 9. 0-0 Bf5 10. a3 Re8 11. Nb5 Rc8 12. b4 Bb6 13. Bb2 a6 14. Nbd4 Nxd4 15. Nxd4 Bg6 16. Bd3 Ne4 17. Rc1 Bc7 18. Nf3 Qd6 19. g3 Bf5 20. Ng5 Qh6 21. Nxe4 dxe4 22. Be2 Bh3 23. Re1 Red8 24. Qa4 Qg6 25. Red1 Rf8 26. Rd2 h5 27. Qd1 h4 28. Bh5 Qe6 29. Be2 Qg6 30. Bh5 Qe6 31. Rc5 b6 32. Rg5 f6 33. Bg4 Bxg4 34. Qxg4 Qxg4 35. Rxg4 hxg3 36. hxg3 Rce8 37. Kg2 Re6 38. Rc2 Bb8 39. Rh4 Rd8 40. Rh1 Kf7 41. Rhc1 Bd6 42. Bd4 b5 43. Rc6 Bf8 44. Rc7+ Re7 45. R1c6 Rxc7 46. Rxc7+ Ke6 47. Ra7 Rd6 48. Bc5 Rd8 49. Rxa6+ Ke5 50. Bxf8 Rxf8 51. Rb6 Ra8 52. Rxb5+ Ke6 53. Ra5 Rc8 54. a4 Rb8 55. Rb5 Ra8 56. a5 Ra7 57. Rb6+ Kd7 58. g4 Kc7 59. Re6 Kd7 60. Rxe4 Rb7 61. Rc4 Kd6 62. Kf3 Kd5 63. Rd4+ Ke5 64. Ke2 Ra7 65. Kd3 Ra6 66. Kc4 Ke6 67. Kb5 Ra8 68. a6 Ke7 69. Kb6 Ke6 70. Kb7 Rf8 71. Rc4 Kd7 72. a7 Kd6 73. a8Q Rxa8 74. Kxa8 Kd7 75. b5 Kd6 76. b6 Kd7 77. b7 Kd6 78. b8Q+ 1-0

[Event "Olympiad Women-39"]
[Site "Khanty-Mansiysk"]
[Date "2010.09.23"]
[Round "3.38"]
[White "Muhandiram, RMMU"]
[Black "Sukandar, Irine Kharisma"]
[Result "0-1"]
[WhiteElo "1744"]
[BlackElo "2372"]
[PlyCount "58"]
[EventDate "2010.09.21"]
[EventType "team-swiss"]
[EventRounds "11"]
[EventCountry "RUS"]
[SourceTitle "CBM 139"]
[Source "ChessBase"]
[SourceDate "2010.11.18"]
[SourceVersion "1"]
[SourceVersionDate "2010.11.18"]
[SourceQuality "1"]
[WhiteTeam "Sri Lanka (W)"]
[BlackTeam "Indonesia (W)"]
[WhiteTeamCountry "SRI"]
[BlackTeamCountry "INA"]

1. e4 c5 2. Nc3 Nc6 3. f4 g6 4. Nf3 Bg7 5. Bc4 e6 6. d3 Nge7 7. Bb3 0-0 8. 0-0 a6 9. Qe1 b5 10. Qh4 d5 11. f5 dxe4 12. fxg6 Nxg6 13. Qxe4 Bb7 14. Kh1 Qc7 15. Ng5 b4 16. Ne2 Nce5 17. Qe3 Qc6 18. Qh3 h6 19. Ne4 c4 20. Bxc4 Nxc4 21. Bxh6 Nce5 22. Nf6+ Bxf6 23. Bxf8 Rxf8 24. Rxf6 Qxc2 25. Re1 Nxd3 26. Nd4 Nf2+ 27. Rxf2 Qxf2 28. Rd1 Rd8 29. Qg4 Rxd4 0-1